[Event "DM 2026 Kort Paaske 1A"]
[Site "Svendborg"]
[Date "2026.03.28"]
[Round "1.1"]
[White "Rasmussen, Steen Hulthin"]
[Black "Jacobsen, Mikkel Manosri"]
[Result "0-1"]
[WhiteElo "2011"]
[BlackElo "2310"]
[WhiteFideId "1419307"]
[BlackFideId "1444514"]
[EventDate "2026.03.28"]
[EventType "swiss"]
[EventRounds "5"]
[EventCountry "DEN"]
[SourceTitle "Live v. Kasper Jerwiarz"]

1. d4 d5 2. g3 Nf6 3. Nf3 Bf5 4. Bg2 e6 5. O-O Be7 6. b3 O-O 7. Bb2 a5 8. Nbd2 h6 9. Ne5 Nbd7 10. Ndf3 a4 11. c4 c6 12. c5 Qa5 13. Nd3 Qb5 14. Re1 Ne4 15. Nfe5 Nxe5 16. Nxe5 Bg5 17. f4 Bd8 18. Qd3 Qa5 19. g4 Bh7 20. Qh3 a3 21. Bxe4 Bxe4 22. Bc3 Qc7 23. Bd2 f6 24. Nf3 Qf7 25. f5 Bc7 26. Kf2 Rfe8 27. Rg1 e5 28. e3 Bxf3 29. Qxf3 exd4 30. exd4 Re4 31. h4 Rae8 32. g5 Re2+ 33. Qxe2 Rxe2+ 34. Kxe2 Qh5+ 35. Kd3 Qf3+ 36. Be3 Bf4 37. Rae1 Qe4+ 38. Kd2 Qxd4+ 39. Kc2 Bxe3 40. Rh1 Qd2+ 41. Kb1 Qb2# 0-1

[Event "DM 2026 Kort Paaske 1A"]
[Site "Svendborg"]
[Date "2026.03.28"]
[Round "1.2"]
[White "Jensen, Jakob Bjerre"]
[Black "Ramsdal, Lasse Andreas"]
[Result "0-1"]
[WhiteElo "2158"]
[BlackElo "1946"]
[WhiteFideId "1401513"]
[BlackFideId "1440675"]
[EventDate "2026.03.28"]
[EventType "swiss"]
[EventRounds "5"]
[EventCountry "DEN"]
[SourceTitle "Live v. Kasper Jerwiarz"]

1. d4 d5 2. c4 c6 3. Nc3 Nf6 4. e3 e6 5. Nf3 Nbd7 6. Bd3 dxc4 7. Bxc4 b5 8. Bd3 Bd6 9. O-O O-O 10. Bd2 Bb7 11. Rc1 Re8 12. Ne4 Nxe4 13. Bxe4 Rc8 14. b4 Qe7 15. Rb1 Nf6 16. Bd3 a6 17. e4 e5 18. Bg5 exd4 19. Re1 Bxb4 20. Bxf6 gxf6 21. Nh4 Bxe1 22. Nf5 Bxf2+ 23. Kxf2 Qf8 24. Rb3 Re5 25. Qh5 c5 26. Bb1 Rxf5+ 27. Qxf5 Qh6 28. Rg3+ Kf8 29. Qd7 Qf4+ 30. Ke2 Qc7 31. Qf5 Ke7 32. Rf3 Qe5 33. Qxh7 c4 34. Rf5 d3+ 35. Kd1 Qxe4 0-1

[Event "DM 2026 Kort Paaske 1A"]
[Site "Svendborg"]
[Date "2026.03.28"]
[Round "1.3"]
[White "Andries, Leia"]
[Black "Fogh, Jens Olaf Svanholm"]
[Result "1-0"]
[WhiteElo "1984"]
[BlackElo "2141"]
[WhiteFideId "1469207"]
[BlackFideId "1409476"]
[EventDate "2026.03.28"]
[EventType "swiss"]
[EventRounds "5"]
[EventCountry "DEN"]
[SourceTitle "Live v. Kasper Jerwiarz"]

1. e4 e6 2. d4 d5 3. e5 c5 4. c3 Nc6 5. Nf3 Qb6 6. Bd3 Bd7 7. dxc5 Bxc5 8. O-O f6 9. Qe2 fxe5 10. Nxe5 Nxe5 11. Qxe5 Nf6 12. Qe2 O-O 13. Nd2 e5 14. Qxe5 Bxf2+ 15. Kh1 Rae8 16. Qg5 h6 17. Qg6 Re5 18. Bb1 Bb5 19. c4 dxc4 20. Nf3 Rh5 21. a4 Bc6 22. a5 Qc5 23. b4 Qd6 24. Rxf2 Bxf3 25. gxf3 Re8 26. Qg1 Qxb4 27. Bf4 Rh4 28. Bd2 c3 29. Be1 Qd4 30. Ba2+ Kh8 31. Rc1 Re3 32. Rg2 Rxf3 33. Bxh4 Qxh4 34. Rxg7 Qe4 35. Rg8+ Nxg8 36. Qxg8# 1-0

[Event "DM 2026 Kort Paaske 1A"]
[Site "Svendborg"]
[Date "2026.03.28"]
[Round "1.4"]
[White "Justesen, Asger"]
[Black "Bjorneboe, Kristian"]
[Result "1/2-1/2"]
[WhiteElo "2086"]
[BlackElo "1971"]
[WhiteFideId "1476173"]
[BlackFideId "1424718"]
[EventDate "2026.03.28"]
[EventType "swiss"]
[EventRounds "5"]
[EventCountry "DEN"]
[SourceTitle "Live v. Kasper Jerwiarz"]

1. d4 Nf6 2. c4 e5 3. dxe5 Ne4 4. Nd2 Bb4 5. Nf3 Nc6 6. a3 Bxd2+ 7. Nxd2 Nxd2 8. Qxd2 Nxe5 9. Qc3 Qf6 10. g3 O-O 11. Bg2 d6 12. O-O Qe7 13. b4 f6 14. a4 Rb8 15. a5 Be6 16. Be3 c5 17. bxc5 dxc5 18. Bf4 Bf7 19. Rab1 b6 20. axb6 Rxb6 21. Bd5 Rb4 22. Bxe5 Qxe5 23. Qxe5 fxe5 24. Ra1 Bxd5 25. cxd5 Rd4 26. Rxa7 Rxd5 27. Rb1 e4 28. Rbb7 Rg5 29. Rc7 h6 30. Re7 Rc8 31. Rac7 Rxc7 32. Rxc7 Re5 33. Kf1 g5 34. Ke1 g4 35. Kd2 e3+ 36. fxe3 Rh5 37. e4 Rxh2 38. Rxc5 Rh3 39. Rc3 Kf7 40. Ke1 Ke6 41. Kf2 Ke5 42. Rc4 h5 43. Ra4 Ke6 44. Ra5 Kf6 45. Rb5 Ke6 46. Rf5 Kd6 47. Rg5 Ke6 48. Rf5 Kd6 49. Ke1 Rxg3 50. Rxh5 Re3 51. Rg5 Rxe4 52. Kf2 Rf4+ 1/2-1/2

[Event "DM 2026 Kort Paaske 1A"]
[Site "Svendborg"]
[Date "2026.03.28"]
[Round "1.5"]
[White "Mott, Jens"]
[Black "Frydendahl, Noah Skotte"]
[Result "0-1"]
[WhiteElo "1955"]
[BlackElo "2125"]
[WhiteFideId "1409867"]
[BlackFideId "1473239"]
[EventDate "2026.03.28"]
[EventType "swiss"]
[EventRounds "5"]
[EventCountry "DEN"]
[SourceTitle "Live v. Kasper Jerwiarz"]

1. e4 e5 2. Nf3 Nc6 3. Bc4 Nf6 4. d3 Be7 5. h3 O-O 6. Nc3 d6 7. Nd5 Nxd5 8. Bxd5 Bd7 9. Be3 a5 10. a3 Kh8 11. g4 Be6 12. c4 a4 13. Rc1 Na5 14. Bxe6 fxe6 15. Nd2 d5 16. f3 Bh4+ 17. Bf2 dxe4 18. Nxe4 Bxf2+ 19. Kxf2 Nb3 20. Rc3 Qd4+ 21. Kg2 Qe3 22. Re1 Qf4 23. Rf1 Rad8 24. Qe2 Rf7 25. Qf2 Rdf8 26. Qh4 h6 27. Qg3 Qe3 28. Qf2 Qd4 29. Qe2 b6 30. Nd2 Nxd2 31. Qxd2 e4 32. Qf2 exf3+ 33. Kg1 Qf4 34. d4 h5 35. Rd3 Kg8 36. Re3 hxg4 37. hxg4 Qxg4+ 38. Kh1 Qg2+ 0-1

[Event "DM 2026 Kort Paaske 1A"]
[Site "Svendborg"]
[Date "2026.03.28"]
[Round "1.6"]
[White "Nielsen, Henning"]
[Black "Nykjaer, Jess"]
[Result "1/2-1/2"]
[WhiteElo "2051"]
[BlackElo "1957"]
[WhiteFideId "1402854"]
[BlackFideId "1427288"]
[EventDate "2026.03.28"]
[EventType "swiss"]
[EventRounds "5"]
[EventCountry "DEN"]
[SourceTitle "Live v. Kasper Jerwiarz"]

1. e4 c5 2. Nf3 g6 3. d4 cxd4 4. Nxd4 Bg7 5. c4 Nc6 6. Be3 Nf6 7. Nc3 Ng4 8. Nxc6 Nxe3 9. Nxd8 Nxd1 10. Nxd1 Kxd8 11. Rc1 b6 12. Bd3 Bb7 13. O-O Rc8 14. Rc2 Bd4 15. Re1 d6 16. b4 Kd7 17. Kf1 Rc7 18. Nc3 Bxc3 19. Rxc3 Rhc8 20. Rb3 e6 21. f4 d5 22. cxd5 exd5 23. Bb5+ Kd6 24. Rd3 Rc3 25. Rd4 Rc1 26. e5+ Ke7 27. Ba4 Rxe1+ 28. Kxe1 Rc4 29. Rxc4 dxc4 30. g3 a6 31. b5 Ke6 32. Kd2 a5 33. Kc3 Kd5 34. Bd1 Kc5 35. a4 h5 36. Be2 Bd5 37. g4 h4 38. f5 gxf5 39. gxf5 Be4 40. Bxc4 Bxf5 41. Bxf7 Be4 42. Bb3 Bd5 43. Bd1 Be6 44. Bf3 Bf5 45. Bg2 Bg4 46. Be4 Bd1 47. Bc2 Bxc2 48. Kxc2 Kd5 49. Kd3 Kxe5 50. Ke3 Kf5 51. Kf3 Kg5 52. h3 Kf5 53. Ke3 Ke5 54. Kf3 Kf5 55. Ke3 Ke5 56. Kf3 Kf5 57. Ke3 Ke5 1/2-1/2

[Event "DM 2026 Kort Paaske 1A"]
[Site "Svendborg"]
[Date "2026.03.28"]
[Round "1.7"]
[White "Veise, Svend"]
[Black "Fyhn, Buster Hulthin"]
[Result "1/2-1/2"]
[WhiteElo "1917"]
[BlackElo "2050"]
[WhiteFideId "1413490"]
[BlackFideId "1481800"]
[EventDate "2026.03.28"]
[EventType "swiss"]
[EventRounds "5"]
[EventCountry "DEN"]
[SourceTitle "Live v. Kasper Jerwiarz"]

1. d4 d5 2. Bf4 Nf6 3. e3 e6 4. Nf3 Bd6 5. Bg3 O-O 6. Nbd2 c5 7. Bxd6 Qxd6 8. c3 Nbd7 9. Be2 e5 10. dxe5 Nxe5 11. Nxe5 Qxe5 12. O-O Bf5 13. Re1 Rad8 14. Nf1 h6 15. Bd3 Bxd3 16. Qxd3 Ne4 17. Nd2 Nd6 18. Rad1 Qe6 19. Qc2 b6 20. b3 Rd7 21. c4 dxc4 22. Nxc4 Nxc4 23. Rxd7 Qxd7 24. Qxc4 Qd2 25. Qe2 Rd8 26. Kf1 Rd3 27. Qxd2 Rxd2 28. Re2 Rd1+ 29. Re1 Rd2 30. Re2 Rd1+ 31. Re1 Rxe1+ 32. Kxe1 Kf8 33. Kd2 Ke7 34. Kd3 Kd6 35. e4 f6 36. h4 h5 37. f4 g6 38. Kc4 Kc6 39. a4 a6 40. b4 b5+ 41. axb5+ axb5+ 42. Kc3 cxb4+ 43. Kxb4 Kb6 44. e5 fxe5 45. fxe5 Kc6 46. e6 Kd6 47. e7 Kxe7 48. Kxb5 Kf6 49. Kc4 Kf5 50. Kd3 Kg4 51. Ke2 Kg3 52. Kf1 Kxh4 53. Kf2 Kg4 54. Kg1 Kg3 55. Kh1 g5 56. Kg1 g4 57. Kh1 Kf2 58. Kh2 g3+ 59. Kh1 Ke3 60. Kg1 h4 61. Kf1 Kf4 62. Kg1 Kg4 63. Kh1 h3 64. Kg1 hxg2 65. Kxg2 Kf4 66. Kg1 Kg4 67. Kg2 Kf4 68. Kg1 Kf3 69. Kf1 g2+ 70. Kg1 Kg3 1/2-1/2

[Event "DM 2026 Kort Paaske 1A"]
[Site "Svendborg"]
[Date "2026.03.28"]
[Round "1.8"]
[White "Poulsen, Peter Risgaard"]
[Black "Bjerg, Ludvig"]
[Result "0-1"]
[WhiteElo "1898"]
[BlackElo "1958"]
[WhiteFideId "1407333"]
[BlackFideId "1477676"]
[EventDate "2026.03.28"]
[EventType "swiss"]
[EventRounds "5"]
[EventCountry "DEN"]
[SourceTitle "Live v. Kasper Jerwiarz"]

1. c4 c6 2. Nc3 d5 3. cxd5 cxd5 4. d4 Nf6 5. Bf4 Nc6 6. e3 Bf5 7. Bd3 Bxd3 8. Qxd3 a6 9. Nge2 e6 10. O-O Bd6 11. Rac1 O-O 12. Bxd6 Qxd6 13. f4 Ng4 14. Rf3 f5 15. h3 Nf6 16. Qb1 Ne4 17. Rd1 Rf6 18. g4 h6 19. Ng3 Rg6 20. Ncxe4 dxe4 21. Rf2 Ne7 22. Rg2 Nd5 23. Nf1 Rc8 24. Rc1 Rc6 25. Rxc6 Qxc6 26. Qd1 Rf6 27. g5 hxg5 28. Rxg5 Rh6 29. Kh2 Qb5 30. Qc1 Kh7 31. Rg3 Qd3 32. a3 Rf6 33. Qe1 Rf7 34. Rg5 g6 35. Qh4+ Kg7 36. Rxg6+ Kxg6 37. Qg5+ Kh7 38. Qh5+ Kg8 39. Qg5+ Rg7 40. Qd8+ Kf7 0-1

[Event "DM 2026 Kort Paaske 1A"]
[Site "Svendborg"]
[Date "2026.03.28"]
[Round "1.9"]
[White "Bekmukhanov, Sauran"]
[Black "Paludan, Noah"]
[Result "1-0"]
[WhiteElo "1935"]
[BlackElo "1987"]
[WhiteFideId "1472844"]
[BlackFideId "1474987"]
[EventDate "2026.03.28"]
[EventType "swiss"]
[EventRounds "5"]
[EventCountry "DEN"]
[SourceTitle "Live v. Kasper Jerwiarz"]

1. Nf3 Nf6 2. b3 g6 3. Bb2 Bg7 4. g3 c5 5. d3 Nc6 6. Nbd2 O-O 7. Bg2 d6 8. O-O e5 9. a4 h6 10. Nc4 Be6 11. Nfd2 Qc7 12. e4 Rad8 13. Qe1 Qd7 14. Rb1 Bh3 15. f4 exf4 16. Rxf4 Bxg2 17. Kxg2 Nh5 18. Rf1 Nd4 19. Ne3 Rde8 20. Nf3 Qe6 21. Qd2 Nxf3 22. Rxf3 Bxb2 23. Rxb2 Nf6 24. Rb1 h5 25. Rbf1 Ng4 26. Nd5 f5 27. Nc7 Qf7 28. Nxe8 Rxe8 29. Qg5 Qg7 30. h3 Ne5 31. R3f2 fxe4 32. dxe4 b6 33. Rf6 Re7 34. Rxd6 Rd7 35. Rxd7 Nxd7 36. Qd5+ Kh8 37. Rf7 Qc3 38. Qa8+ 1-0

[Event "DM 2026 Kort Paaske 1A"]
[Site "Svendborg"]
[Date "2026.03.29"]
[Round "2.1"]
[White "Jacobsen, Mikkel Manosri"]
[Black "Andries, Leia"]
[Result "1-0"]
[WhiteElo "2310"]
[BlackElo "1984"]
[WhiteFideId "1444514"]
[BlackFideId "1469207"]
[EventDate "2026.03.28"]
[EventType "swiss"]
[EventRounds "5"]
[EventCountry "DEN"]
[SourceTitle "Live v. Kasper Jerwiarz"]

1. d4 Nf6 2. Nf3 e6 3. Bf4 d5 4. e3 c5 5. Nbd2 Qb6 6. Rb1 Bd6 7. c3 cxd4 8. Bxd6 dxe3 9. Ba3 exd2+ 10. Qxd2 Ne4 11. Qc2 Nd7 12. c4 Qa5+ 13. Nd2 Qxd2+ 14. Qxd2 Nxd2 15. Kxd2 dxc4 16. Bxc4 Nb6 17. Bd3 f6 18. Rbc1 Kf7 19. Rc7+ Nd7 20. Kc1 a6 21. Be4 Rb8 22. Rd1 Rd8 23. Rd6 f5 24. Bf3 Kf6 25. Bb4 g6 26. Bd1 b5 27. Bb3 Rb6 28. Rxb6 Nxb6 29. Be7+ 1-0

[Event "DM 2026 Kort Paaske 1A"]
[Site "Svendborg"]
[Date "2026.03.29"]
[Round "2.2"]
[White "Frydendahl, Noah Skotte"]
[Black "Bjerg, Ludvig"]
[Result "1-0"]
[WhiteElo "2125"]
[BlackElo "1958"]
[WhiteFideId "1473239"]
[BlackFideId "1477676"]
[EventDate "2026.03.28"]
[EventType "swiss"]
[EventRounds "5"]
[EventCountry "DEN"]
[SourceTitle "Live v. Kasper Jerwiarz"]

1. e4 c6 2. d4 d5 3. exd5 cxd5 4. Bd3 Nc6 5. c3 Qc7 6. h3 e6 7. Nf3 Bd6 8. O-O Nge7 9. Re1 O-O 10. Nbd2 Bd7 11. Nf1 f6 12. Ne3 g6 13. a3 b6 14. c4 dxc4 15. Bxc4 Na5 16. Ba2 Kh8 17. b4 Nac6 18. Bb2 e5 19. Rc1 exd4 20. Nxd4 Qd8 21. Nxc6 Bxc6 22. Ng4 Bf4 23. Nxf6 1-0

[Event "DM 2026 Kort Paaske 1A"]
[Site "Svendborg"]
[Date "2026.03.29"]
[Round "2.3"]
[White "Ramsdal, Lasse Andreas"]
[Black "Bekmukhanov, Sauran"]
[Result "1-0"]
[WhiteElo "1946"]
[BlackElo "1935"]
[WhiteFideId "1440675"]
[BlackFideId "1472844"]
[EventDate "2026.03.28"]
[EventType "swiss"]
[EventRounds "5"]
[EventCountry "DEN"]
[SourceTitle "Live v. Kasper Jerwiarz"]

1. d4 Nf6 2. Nf3 d6 3. g3 b6 4. Bg2 Bb7 5. c4 Nbd7 6. O-O g6 7. Nc3 Bg7 8. Re1 Ne4 9. Qc2 Nxc3 10. bxc3 O-O 11. e4 e5 12. d5 Bc8 13. a4 a5 14. Bh3 h6 15. Bd2 Ba6 16. Bf1 Qe8 17. Nh4 Kh7 18. Ra2 Nf6 19. Ng2 Bc8 20. Ne3 Ng4 21. Bg2 Nxe3 22. Bxe3 f5 23. f4 Bd7 24. fxe5 Bxe5 25. Bd4 f4 26. gxf4 Rxf4 27. Qd1 Rh4 28. h3 Bxh3 29. Qf3 Bh2+ 30. Kh1 Bg4 31. Qf6 Bg3+ 32. Kg1 Qf8 33. Rf1 Bh2+ 34. Kh1 Qxf6 35. Bxf6 g5 36. Bd4 Bf4+ 37. Kg1 Rf8 38. Bf2 Rh5 39. Bg3 Kg6 40. Bxf4 Rxf4 41. Raf2 Rxf2 42. Rxf2 Kg7 43. c5 dxc5 44. e5 Bd7 45. e6 Be8 46. e7 Rh4 47. Rf8 Bxa4 48. e8=Q Bxe8 49. Rxe8 Rf4 50. Rc8 Rf7 51. Bh3 h5 52. Be6 Re7 53. c4 g4 54. Kg2 Kf6 55. Kf2 Ke5 56. Ke3 Rg7 57. Rh8 Rg5 58. Rh6 g3 59. Bh3 1-0

[Event "DM 2026 Kort Paaske 1A"]
[Site "Svendborg"]
[Date "2026.03.29"]
[Round "2.4"]
[White "Nykjaer, Jess"]
[Black "Justesen, Asger"]
[Result "1/2-1/2"]
[WhiteElo "1957"]
[BlackElo "2086"]
[WhiteFideId "1427288"]
[BlackFideId "1476173"]
[EventDate "2026.03.28"]
[EventType "swiss"]
[EventRounds "5"]
[EventCountry "DEN"]
[SourceTitle "Live v. Kasper Jerwiarz"]

1. e4 e6 2. d4 d5 3. Nc3 Nf6 4. Bd3 c5 5. exd5 cxd4 6. Bb5+ Bd7 7. Qxd4 Bxb5 8. Nxb5 Qa5+ 9. Nc3 Nxd5 10. Bd2 Nb4 11. Qe4 Nd7 12. Rc1 Nc5 13. Qc4 a6 14. a3 Nbd3+ 15. cxd3 b5 16. Ne4 bxc4 17. Bxa5 Nxd3+ 18. Kd2 Nxc1 19. Kxc1 e5 20. Nh3 f5 21. Neg5 h6 22. Ne6 Kf7 23. Nxf8 Rhxf8 24. Rd1 Ke6 25. Bc3 Rae8 26. Re1 Kd5 27. Rd1+ Kc6 28. Re1 Kd5 1/2-1/2

[Event "DM 2026 Kort Paaske 1A"]
[Site "Svendborg"]
[Date "2026.03.29"]
[Round "2.5"]
[White "Fyhn, Buster Hulthin"]
[Black "Nielsen, Henning"]
[Result "1-0"]
[WhiteElo "2050"]
[BlackElo "2051"]
[WhiteFideId "1481800"]
[BlackFideId "1402854"]
[EventDate "2026.03.28"]
[EventType "swiss"]
[EventRounds "5"]
[EventCountry "DEN"]
[SourceTitle "Live v. Kasper Jerwiarz"]

1. e4 e5 2. Nf3 Nc6 3. Bb5 a6 4. Ba4 Nf6 5. d3 Bd6 6. c3 O-O 7. O-O Re8 8. Re1 b5 9. Bc2 Bf8 10. a4 Bb7 11. Nbd2 d6 12. Nf1 h6 13. h3 Qd7 14. Be3 d5 15. axb5 axb5 16. Rxa8 Bxa8 17. exd5 Nxd5 18. Bc1 g6 19. Qe2 Bg7 20. d4 Nb6 21. Qxb5 exd4 22. Rxe8+ Qxe8 23. Nxd4 Qd7 24. Nxc6 Bxc6 25. Qd3 Qe8 26. Qg3 Nd5 27. Ne3 h5 28. Bb3 Be5 29. Nxd5 Bxd5 30. f4 Bxb3 31. fxe5 Qe6 32. Qg5 Bd5 33. Qd8+ Kh7 34. Qxc7 Qf5 35. Qd8 Qxe5 36. Qg5 Qe1+ 37. Kh2 Bb3 38. Qh6+ Kg8 39. Qf4 Qe6 40. Be3 Qd5 1-0

[Event "DM 2026 Kort Paaske 1A"]
[Site "Svendborg"]
[Date "2026.03.29"]
[Round "2.6"]
[White "Bjorneboe, Kristian"]
[Black "Veise, Svend"]
[Result "1/2-1/2"]
[WhiteElo "1971"]
[BlackElo "1917"]
[WhiteFideId "1424718"]
[BlackFideId "1413490"]
[EventDate "2026.03.28"]
[EventType "swiss"]
[EventRounds "5"]
[EventCountry "DEN"]
[SourceTitle "Live v. Kasper Jerwiarz"]

1. Nf3 d5 2. c4 e6 3. e3 Nf6 4. Nc3 c6 5. b3 Be7 6. Bb2 O-O 7. Qc2 Nbd7 8. Ng5 h6 9. h4 Qa5 10. cxd5 exd5 11. f4 Ba3 12. Nf3 Bxb2 13. Qxb2 Re8 14. Be2 Ne4 15. b4 Qd8 16. Nxe4 Rxe4 17. Nd4 Nf6 18. Bf3 Re7 19. f5 Qd6 20. O-O-O Ne4 21. Bxe4 Rxe4 1/2-1/2

[Event "DM 2026 Kort Paaske 1A"]
[Site "Svendborg"]
[Date "2026.03.29"]
[Round "2.7"]
[White "Paludan, Noah"]
[Black "Jensen, Jakob Bjerre"]
[Result "1/2-1/2"]
[WhiteElo "1987"]
[BlackElo "2158"]
[WhiteFideId "1474987"]
[BlackFideId "1401513"]
[EventDate "2026.03.28"]
[EventType "swiss"]
[EventRounds "5"]
[EventCountry "DEN"]
[SourceTitle "Live v. Kasper Jerwiarz"]

1. e4 c5 2. Nf3 Nc6 3. Bb5 Nf6 4. Nc3 g6 5. O-O Bg7 6. Bxc6 dxc6 7. Re1 O-O 8. h3 b6 9. d3 Ne8 10. e5 Nc7 11. a4 a5 12. Ne4 h6 13. Qe2 Ne6 14. Be3 Nd4 15. Bxd4 cxd4 16. Ned2 c5 17. Nc4 Be6 18. Nfd2 Qc7 19. b3 Bd5 20. f4 Rab8 21. Rf1 Qd7 22. Rf2 f5 23. Re1 Kh7 24. Kh2 Rg8 25. Qf1 Bf8 26. Rfe2 e6 27. Rf2 Be7 28. Qe2 Qc6 29. g4 Bh4 30. Nd6 Rbf8 31. Rff1 Bxe1 32. Qxe1 Qc7 33. Qg3 Ba8 34. Kg1 fxg4 35. Qxg4 g5 36. f5 exf5 37. Rxf5 Qd7 38. N2e4 Bxe4 39. Qxe4 Rxf5 40. Nxf5 Rg6 41. Nd6 h5 42. Kh2 g4 43. Qf4 gxh3 44. Ne4 Qg4 45. Qf7+ Kh6 46. Qf8+ Rg7 47. Qh8+ Kg6 48. Qe8+ Rf7 49. Qg8+ Rg7 50. Qe8+ Kh6 51. Qh8+ Rh7 52. Qf8+ Rg7 53. Qh8+ 1/2-1/2

[Event "DM 2026 Kort Paaske 1A"]
[Site "Svendborg"]
[Date "2026.03.29"]
[Round "2.8"]
[White "Fogh, Jens Olaf Svanholm"]
[Black "Rasmussen, Steen Hulthin"]
[Result "1-0"]
[WhiteElo "2141"]
[BlackElo "2011"]
[WhiteFideId "1409476"]
[BlackFideId "1419307"]
[EventDate "2026.03.28"]
[EventType "swiss"]
[EventRounds "5"]
[EventCountry "DEN"]
[SourceTitle "Live v. Kasper Jerwiarz"]

1. d4 Nf6 2. Nf3 d6 3. c4 c6 4. Nc3 Bg4 5. e3 Nbd7 6. Be2 Qa5 7. O-O e5 8. Qc2 Be7 9. a3 O-O 10. b4 Qc7 11. Bb2 a6 12. Rfd1 Rfe8 13. Rac1 Bf8 14. dxe5 Nxe5 15. Nxe5 Rxe5 16. Bxg4 Nxg4 17. h3 Nf6 18. Ne2 Rae8 19. Bxe5 Rxe5 20. a4 d5 21. b5 dxc4 22. Qxc4 axb5 23. axb5 Rc5 24. Qb3 cxb5 25. Qxb5 b6 26. Rxc5 Bxc5 27. Nc3 h5 28. Na4 Ne4 29. Qe8+ 1-0

[Event "DM 2026 Kort Paaske 1A"]
[Site "Svendborg"]
[Date "2026.03.29"]
[Round "2.9"]
[White "Mott, Jens"]
[Black "Poulsen, Peter Risgaard"]
[Result "1/2-1/2"]
[WhiteElo "1955"]
[BlackElo "1898"]
[WhiteFideId "1409867"]
[BlackFideId "1407333"]
[EventDate "2026.03.28"]
[EventType "swiss"]
[EventRounds "5"]
[EventCountry "DEN"]
[SourceTitle "Live v. Kasper Jerwiarz"]

1. e4 e6 2. Qe2 c5 3. f4 Nc6 4. Nf3 b6 5. d3 Bb7 6. g3 g6 7. Bg2 Bg7 8. c3 Nge7 9. O-O O-O 10. Be3 Qc7 11. Na3 d5 12. Rac1 Qd7 13. Nc2 a5 14. Rfd1 a4 15. e5 Nf5 16. d4 Ba6 1/2-1/2

[Event "DM 2026 Kort Paaske 1A"]
[Site "Svendborg"]
[Date "2026.03.29"]
[Round "3.1"]
[White "Frydendahl, Noah Skotte"]
[Black "Jacobsen, Mikkel Manosri"]
[Result "0-1"]
[WhiteElo "2125"]
[BlackElo "2310"]
[WhiteFideId "1473239"]
[BlackFideId "1444514"]
[EventDate "2026.03.28"]
[EventType "swiss"]
[EventRounds "5"]
[EventCountry "DEN"]
[SourceTitle "Live v. Kasper Jerwiarz"]

1. e4 c5 2. Nf3 Nc6 3. Bb5 Nf6 4. Bxc6 dxc6 5. d3 g6 6. O-O Bg7 7. h3 O-O 8. Nc3 e5 9. Nxe5 Nxe4 10. dxe4 Bxe5 11. Qxd8 Rxd8 12. Rd1 Be6 13. Bd2 b6 14. a3 Rd4 15. f4 Bg7 16. Be3 Rc4 17. e5 f6 18. Rd6 Re8 19. Rxc6 fxe5 20. Rf1 exf4 21. Bxf4 Bf5 22. Rc7 Bxc2 23. Nd5 Bd3 24. Rd1 Rd4 25. Bh6 Be5 26. Rd7 Bb5 27. Re1 Bxd7 28. Nf6+ Bxf6 0-1

[Event "DM 2026 Kort Paaske 1A"]
[Site "Svendborg"]
[Date "2026.03.29"]
[Round "3.2"]
[White "Fyhn, Buster Hulthin"]
[Black "Ramsdal, Lasse Andreas"]
[Result "1/2-1/2"]
[WhiteElo "2050"]
[BlackElo "1946"]
[WhiteFideId "1481800"]
[BlackFideId "1440675"]
[EventDate "2026.03.28"]
[EventType "swiss"]
[EventRounds "5"]
[EventCountry "DEN"]
[SourceTitle "Live v. Kasper Jerwiarz"]

1. e4 c5 2. Nf3 g6 3. c3 d5 4. exd5 Qxd5 5. Na3 Nf6 6. d4 Bg7 7. Bc4 Qe4+ 8. Be3 O-O 9. dxc5 Bg4 10. Bd3 Qc6 11. Be2 Nbd7 12. h3 Bxf3 13. Bxf3 Qa6 14. Qe2 Ne5 15. O-O Nxf3+ 16. Qxf3 Nd7 17. Bd4 e5 18. Be3 Rac8 19. c6 Rxc6 20. Nc2 Rf6 21. Qe4 Qb5 22. Nb4 Rd6 23. a4 Qe2 24. Rfb1 b6 25. Qb7 a5 26. Nc6 Nc5 27. Bxc5 bxc5 28. Nxa5 Rd2 29. Qf3 Rxb2 30. Qxe2 Rxe2 31. Nb7 e4 32. Ra3 e3 33. fxe3 Rxe3 34. Nxc5 Bxc3 35. Nd7 Rd8 36. Nf6+ Kg7 37. Ng4 Kg8 38. Nf6+ Bxf6 39. Rxe3 Bd4 40. Kf2 1/2-1/2

[Event "DM 2026 Kort Paaske 1A"]
[Site "Svendborg"]
[Date "2026.03.29"]
[Round "3.3"]
[White "Veise, Svend"]
[Black "Fogh, Jens Olaf Svanholm"]
[Result "0-1"]
[WhiteElo "1917"]
[BlackElo "2141"]
[WhiteFideId "1413490"]
[BlackFideId "1409476"]
[EventDate "2026.03.28"]
[EventType "swiss"]
[EventRounds "5"]
[EventCountry "DEN"]
[SourceTitle "Live v. Kasper Jerwiarz"]

1. d4 d5 2. Bf4 Nf6 3. e3 e6 4. Nf3 Bd6 5. Bxd6 Qxd6 6. c3 O-O 7. Ne5 c5 8. Be2 Nc6 9. Nxc6 bxc6 10. O-O e5 11. dxe5 Qxe5 12. Nd2 Rb8 13. Nf3 Qc7 14. b3 Ne4 15. Qc1 Bg4 16. h3 Bh5 17. Re1 f5 18. Nd2 Bg6 19. Rb1 f4 20. Nxe4 Bxe4 21. Rb2 f3 22. Bf1 Rf6 23. g3 Rbf8 24. Rd1 Rg6 25. Kh2 Rh6 26. Bd3 Qd7 27. h4 Qg4 28. Bxe4 Rxh4+ 29. Kg1 Rh1+ 30. Kxh1 Qh3+ 31. Kg1 Qg2# 0-1

[Event "DM 2026 Kort Paaske 1A"]
[Site "Svendborg"]
[Date "2026.03.29"]
[Round "3.4"]
[White "Bjerg, Ludvig"]
[Black "Justesen, Asger"]
[Result "0-1"]
[WhiteElo "1958"]
[BlackElo "2086"]
[WhiteFideId "1477676"]
[BlackFideId "1476173"]
[EventDate "2026.03.28"]
[EventType "swiss"]
[EventRounds "5"]
[EventCountry "DEN"]
[SourceTitle "Live v. Kasper Jerwiarz"]

1. e4 e6 2. d4 d5 3. Nc3 Nf6 4. e5 Nfd7 5. f4 c5 6. Nf3 Nc6 7. Be3 Be7 8. Ne2 O-O 9. c3 f6 10. a3 b5 11. Ng3 fxe5 12. fxe5 Rb8 13. Bd3 c4 14. Bc2 Rf7 15. O-O a5 16. Qd2 Nf8 17. Rf2 Bd7 18. Raf1 Be8 19. Bg5 b4 20. h4 bxc3 21. bxc3 Rb7 22. h5 h6 23. Bxh6 gxh6 24. Qxh6 Bh4 25. Nxh4 Qxh4 26. Qxf8+ Kxf8 0-1